| LEADER |
01091nam0a2200193 450 |
| 001 |
16848025 |
| 010 |
|
|
|a 978-2-35934-479-0
|b br.
|d 14,9
|
| 100 |
|
|
|a 20170614d2017 u u0frey01 ba
|
| 101 |
0 |
|
|a fre
|
| 102 |
|
|
|a MC
|
| 200 |
0 |
|
|a Maladie de Crohn
|e les symptômes pour la reconnaître, les conseils pour se faciliter la vie, un programme alimentaire complet
|f Lilli Carat
|g préface de Xavier Hébuterne
|
| 207 |
|
1 |
|a
|
| 215 |
|
|
|a 1 vol. (135 p.)
|d 25 x 17 cm
|
| 330 |
|
|
|a Ecrit par une malade diagnostiquée Crohn depuis presque trente ans, ce guide décrit toutes les étapes des maladies inflammatoires chroniques de l'intestin, et plus particulièrement de la maladie de Crohn, depuis le dépistage jusqu'au traitement en passant par les conséquences sur la santé physique et psychique. Il détaille les pistes possibles pour améliorer son quotidien.
|
| 700 |
|
0 |
|a Carat
|b Lilli
|4 70
|
| 702 |
|
0 |
|a Hébuterne
|b Xavier
|4 80
|
| 900 |
|
|
|a Documentaire
|
| 901 |
|
|
|a Accessible au prêt
|
| 995 |
|
|
|a Bibliothèque
|c Bibliothèque
|f 00156010822575
|h 00156010822575
|k 616.3 CRO
|o p
|q a
|r az
|e Bibliothèque
|